Construyendo el programa para la evaluación internacional de estudiantes de la OCDE (PISA) (Record no. 171486)

MARC details
000 -CABECERA
campo de control de longitud fija 01601cab a2200277 ab4500
005 - FECHA Y HORA DE LA ÚLTIMA TRANSACCIÓN
campo de control 20230920063952.0
008 - ELEMENTOS DE LONGITUD FIJA--INFORMACIÓN GENERAL
campo de control de longitud fija 991125c2013 sp qr p o 000 0 spa d
035 ## - NÚMERO DE CONTROL DEL SISTEMA
Número de control de sistema UPN01000199385
040 ## - FUENTE DE LA CATALOGACIÓN
Centro catalogador/agencia de origen MX-MxUPN
Lengua de catalogación spa
Centro/agencia transcriptor MX-MxUPN
Normas de descripción aacr2
049 ## - COLECCIÓN
Colección ART-E
100 ## - ASIENTO PRINCIPAL--NOMBRE PERSONAL
Nombre de persona Morgan, Clara
9 (RLIN) 47469
245 10 - MENCIÓN DE TÍTULO
Título Construyendo el programa para la evaluación internacional de estudiantes de la OCDE (PISA)
Medio [recurso electrónico en línea]
506 0# - NOTA DE RESTRICCIONES AL ACCESO
Limitaciones de acceso Acceso abierto.
520 3# - NOTA DE RESUMEN, ETC.
Sumario, etc. Este artículo propone un marco conceptual que se nutre de la economía política, las relaciones internacionales y las disciplinas de la sociología. El contexto económico-político sitúa PISA dentro de una racionalidad política más amplia del neoliberalismo. Las relaciones internacionales arrojan una luz sobre el papel que juega la influencia estadounidense en la construcción de PISA y, más generalmente, en el gobierno de las organizaciones internacionales. Las teorías derivadas de la sociología de la ciencia y la tecnología, y de la conceptualización de Michel Foucault de la formación de bloques de poder, proporcionan una comprensión de cómo “funciona” PISA y cómo se utiliza para ejercer el poder.
650 #4 - ASIENTO SECUNDARIO DE MATERIA - TERMINO TEMATICO
Término de materia o nombre geográfico como elemento de entrada Educación y Estado
9 (RLIN) 19
653 0# - TERMINO DE INDIZACION - NO CONTROLADO
Término no controlado PISA
653 0# - TERMINO DE INDIZACION - NO CONTROLADO
Término no controlado EVALUACION DEL ESTUDIANTE
653 0# - TERMINO DE INDIZACION - NO CONTROLADO
Término no controlado GOBERNANZA EDUCATIVA
653 0# - TERMINO DE INDIZACION - NO CONTROLADO
Término no controlado OCDE
773 ## - ENLACE AL DOCUMENTO FUENTE/ENTRADA DE REGISTRO ANFITRIÓN
Parte(s) relacionada(s) Vol. 17, no. 2 (2013), p. 31-44
Título Profesorado
856 4# - LOCALIZACIÓN Y ACCESO ELECTRÓNICOS
Identificador Uniforme del Recurso <a href="http://www.ugr.es/~recfpro/rev172ART2.pdf">http://www.ugr.es/~recfpro/rev172ART2.pdf</a>
902 ## - ELEMENTOS DE DATOS B LOCAL, LDB (RLIN)
Creó Leonor Sotres
Modificó Leonor Sotres/251122/M
905 ## - TIPO DE MATERIAL
Tipo de material Articulo
942 ## - ELEMENTOS DE PUNTO DE ACCESO ADICIONAL (KOHA)
Tipo de ítem Koha Artículo Electrónico
Holdings
Estado de retiro Estado de pérdida Estado dañado No para préstamo Código de colección Localización permanente Ubicación/localización actual Ubicación en estantería Fecha de adquisición Fecha visto por última vez Identificador Uniforme del Recurso Tipo de ítem Koha
        Acceso abierto Bib. Gregorio Torres Quintero Bib. Gregorio Torres Quintero En línea 30/06/2022 30/06/2022 http://www.ugr.es/~recfpro/rev172ART2.pdf Artículo Electrónico